Florida Wildlife Series #1: Mammals - Statistics

General Stats
  • This quiz has been taken 174 times
  • The average score is 15 of 16
Answer Stats
Picture Answer % Correct
Florida Black Bear
100%
Bottlenose Dolphin
99%
Eastern Cottontail Rabbit
99%
Eastern Gray Squirrel
97%
Racoon
97%
Striped Skunk
97%
Nine-Banded Armadillo
96%
Whitetail Deer
96%
Seminole Bat
95%
Feral Pig
94%
North American Beaver
94%
Virginia Opossum
92%
West Indian Manatee
92%
Eastern Mole
85%
Bobcat
84%
Florida Panther
74%
No matching quizzes found
Score Distribution
Percent of People with Each Score
Percentile by Number Answered
Your Score History
You have not taken this quiz